Crónicas y reseñas del pleno y de las salas /

Compilación de textos sobre los más notables fallos judiciales pronunciados por la Suprema Corte entre los años 2008 y 2012, más un asunto de 2003, con la finalidad de contribuir a la sólida construcción de una cultura de transparencia.

Gardado en:
Detalles Bibliográficos
Outros autores: Silva Meza, Juan N. (presentación) (presentación)
Formato: Libro
Idioma:Lingua castelá
Publicado: México : Suprema Corte de Justicia de la Nación : 2013, c2013
Temas:
Etiquetas: Engadir etiqueta
Sen Etiquetas, Sexa o primeiro en etiquetar este rexistro!

MARC

LEADER 00000nam^a2200000^a^4500
001 000380519
005 20250521000000.0
009 20260310120605.113
020 |a 978-607-468-618-0 
037 |a Acervo Xavier Clavigero 
041 |a ESP 
082 |a 347. 72  |b MEX SCJN 
245 0 0 |a Crónicas y reseñas del pleno y de las salas /  |c Presen. de J.N. Silva Meza. 
264 4 |a México :  |b Suprema Corte de Justicia de la Nación :  |c 2013, c2013 
300 |a 648 p. 
336 |a texto  |b txt  |2 rdacontenido 
337 |a sin mediación  |b n  |2 rdamedio 
338 |a volumen  |b nc  |2 rdasoporte 
520 |a Compilación de textos sobre los más notables fallos judiciales pronunciados por la Suprema Corte entre los años 2008 y 2012, más un asunto de 2003, con la finalidad de contribuir a la sólida construcción de una cultura de transparencia. 
649 |a XX 
650 |a Crónicas Mexicanas 
650 |a Transparencia Administrativa 
650 |a Justicia -  |x Administración -  |z México -  |x Historia -  |y 2000-2006 
650 |a Justicia -  |x Administración -  |z México -  |x Historia -  |y 2006-2012 
650 |a Suprema Corte de Justicia -  |z México -  |x Historia -  |y 2000-2006 -  |x Tema Principal 
650 |a Suprema Corte de Justicia -  |z México -  |x Historia -  |y 2006-2012 -  |x Tema Principal 
650 |a Poder Judicial de la Federación -  |z México -  |x Historia -  |y 2000-2006 
650 |a Poder Judicial de la Federación -  |z México -  |x Historia -  |y 2006-2012 
650 |a Derecho Público -  |z México -  |x Historia -  |y 2000-2006 
650 |a Derecho Público -  |z México -  |x Historia -  |y 2006-2012 
650 |a México -  |x Condiciones Jurídicas 
700 |a Silva Meza, Juan N.  |e (presentación) 
910 |a Fondo General 
920 |a Impresos - Libros 
930 |a Colección General 
905 |a 101 
901 |a 0500275604  |b IT1  |c ACC  |i FXC D2724  |u 20250521 
902 |a https://opac.biblio.iteso.mx/vufind/Record/000380519